Quimeras de un sueño (Record no. 168264)

MARC details
000 -LEADER
campo de control de longitud fija 01001nam a22002055i 4500
001 - NÚMERO DE CONTROL
campo de control 168264
003 - IDENTIFICADOR DE NÚMERO DE CONTROL
campo de control ES-MaACL
005 - FECHA Y HORA DE LA ÚLTIMA TRANSACCIÓN
campo de control 20230906213731.0
008 - DATOS DE LONGITUD FIJA--INFORMACIÓN GENERAL
campo de control de longitud fija 020304s1874 sp |||| | spa d
040 ## - FUENTE DE CATALOGACIÓN
Centro catalogador/agencia de origen CAM
Lengua de catalogación spa
Centro/agencia transcriptor CAM
100 1# - ENTRADA PRINCIPAL--NOMBRE DE PERSONA
Nombre de persona Zumel, Enrique.
9 (RLIN) 118492
245 10 - MENCIÓN DEL TÍTULO
Título Quimeras de un sueño
Resto del título : comedia de mágia en cuatro actos y en verso /
Mención de responsabilidad, etc. original de Enrique Zumel ; música de Francisco Vilamala.
260 ## - PUBLICACIÓN, DISTRIBUCIÓN, ETC.
Lugar de publicación, distribución, etc. Madrid :
Nombre del editor, distribuidor, etc. [s.n.],
Fecha de publicación, distribución, etc. 1874 (
Fabricante Imprenta de José Rodríguez)
300 ## - DESCRIPCIÓN FÍSICA
Extensión 88 p. ;
Dimensiones 19 cm.
500 ## - NOTA GENERAL
Nota general En port.: Representada por primera vez en el Teatro de El Recreo el 28 de setiembre de 1874.
500 ## - NOTA GENERAL
Nota general Solo la letra.
596 ## - NOTA AL PIE DE IMPRENTA
NOTA AL PIE DE IMPRENTA Al v. de antep. consta : "... Galería Dramática y Lírica, titulada El Teatro, de Alonso Gullon..."
700 1# - ENTRADA AGREGADA--NOMBRE PERSONAL
Nombre de persona Vilamala, Francisco.
9 (RLIN) 133719
852 ## - LOCALIZACIÓN
Ubicación ES-MaACL
Número de control de estantería F-8572(7)
Nota libre -- Enc. pasta española, falto de la enc. original
-- -- Enc. en un vol. facticio formando parte de la col. facticia "Teatro español moderno", vol. 25
Holdings
Estatus retirado Estado de pérdida Estado de daño No para préstamo Colección Biblioteca de origen Biblioteca actual Ubicación en estantería Fecha de adquisición Total de préstamos Signatura topográfica completa Código de barras Visto por última vez Precio de reemplazo Tipo de ítem Koha
        Libros del s. XIX Biblioteca del Ateneo de Madrid Biblioteca del Ateneo de Madrid Sala Pecera Planta 2 17/01/2008   F-8572(7) 1176554 23/02/2023 23/02/2023 Libro impreso antiguo